<?xml version="1.0" encoding="UTF-8"?>
<record
    xmlns:xsi="http://www.w3.org/2001/XMLSchema-instance"
    xsi:schemaLocation="http://www.loc.gov/MARC21/slim http://www.loc.gov/standards/marcxml/schema/MARC21slim.xsd"
    xmlns="http://www.loc.gov/MARC21/slim">

  <leader>01238cam a22002891  4500</leader>
  <controlfield tag="001">sa 67007905 </controlfield>
  <controlfield tag="003">DLC</controlfield>
  <controlfield tag="005">20260227112419.0</controlfield>
  <controlfield tag="008">791109s1965    ii       b    000 0 san  </controlfield>
  <datafield tag="010" ind1=" " ind2=" ">
    <subfield code="a">sa 67007905 </subfield>
  </datafield>
  <datafield tag="025" ind1=" " ind2=" ">
    <subfield code="a">PL480:I-San-1166</subfield>
  </datafield>
  <datafield tag="035" ind1=" " ind2=" ">
    <subfield code="a">(OCoLC)5671559</subfield>
  </datafield>
  <datafield tag="040" ind1=" " ind2=" ">
    <subfield code="a">DLC</subfield>
    <subfield code="c">NIC</subfield>
    <subfield code="d">OCoLC</subfield>
    <subfield code="d">DLC</subfield>
  </datafield>
  <datafield tag="042" ind1=" " ind2=" ">
    <subfield code="a">premarc</subfield>
  </datafield>
  <datafield tag="050" ind1="0" ind2="0">
    <subfield code="a">PK3796.M7</subfield>
    <subfield code="b">S9 1965</subfield>
  </datafield>
  <datafield tag="100" ind1="0" ind2=" ">
    <subfield code="a">Sumativijaya,</subfield>
    <subfield code="c">Muni,</subfield>
    <subfield code="d">active 17th century.</subfield>
  </datafield>
  <datafield tag="245" ind1="1" ind2="0">
    <subfield code="a">Sugam&#x101;nvay&#x101; v&#x1E5B;tti,</subfield>
    <subfield code="b">a late commentary in Jaina Sanskrit on K&#x101;lid&#x101;sa's Meghad&#x16B;ta,</subfield>
    <subfield code="c">by the Jaina Muni Sumativijaya. Critically edited with an introd. and explanatory and critical notes, by Walter Harding Maurer.</subfield>
  </datafield>
  <datafield tag="250" ind1=" " ind2=" ">
    <subfield code="a">[1st ed.]</subfield>
  </datafield>
  <datafield tag="260" ind1=" " ind2=" ">
    <subfield code="a">Poona,</subfield>
    <subfield code="b">Deccan College Postgraduate and Research Institute,</subfield>
    <subfield code="c">1965.</subfield>
  </datafield>
  <datafield tag="300" ind1=" " ind2=" ">
    <subfield code="a">2 v. in 1.</subfield>
    <subfield code="c">22 cm.</subfield>
  </datafield>
  <datafield tag="490" ind1="1" ind2=" ">
    <subfield code="a">Deccan College building centenary and silver jubilee series,</subfield>
    <subfield code="v">5</subfield>
  </datafield>
  <datafield tag="500" ind1=" " ind2=" ">
    <subfield code="a">"Submitted to the University of Pennsylvania in August 1962 as part of the requirements for the degree of Ph. D."</subfield>
  </datafield>
  <datafield tag="504" ind1=" " ind2=" ">
    <subfield code="a">Bibliography: v. 2, p. [237]-242.</subfield>
  </datafield>
  <datafield tag="600" ind1="0" ind2="0">
    <subfield code="a">K&#x101;lid&#x101;sa.</subfield>
    <subfield code="t">Meghad&#x16B;ta.</subfield>
  </datafield>
  <datafield tag="700" ind1="1" ind2=" ">
    <subfield code="a">Maurer, Walter Harding,</subfield>
    <subfield code="d">1921-2007.</subfield>
  </datafield>
  <datafield tag="830" ind1=" " ind2="0">
    <subfield code="a">Deccan College building centenary and silver jubilee series ;</subfield>
    <subfield code="v">5.</subfield>
  </datafield>
  <datafield tag="999" ind1=" " ind2=" ">
    <subfield code="c">76849</subfield>
    <subfield code="d">76849</subfield>
  </datafield>
</record>
